Methods for computational gene prediction (Record no. 7220)

MARC details
000 -LEADER
fixed length control field 01397cam a22003497a 4500
001 - CONTROL NUMBER
control field 15047582
003 - CONTROL NUMBER IDENTIFIER
control field OSt
005 - DATE AND TIME OF LATEST TRANSACTION
control field 20210910112533.0
008 - FIXED-LENGTH DATA ELEMENTS--GENERAL INFORMATION
fixed length control field 071017s2007 enka b 001 0 eng
010 ## - LIBRARY OF CONGRESS CONTROL NUMBER
LC control number 2007299649
015 ## - NATIONAL BIBLIOGRAPHY NUMBER
National bibliography number GBA739077
Source bnb
016 7# - NATIONAL BIBLIOGRAPHIC AGENCY CONTROL NUMBER
Record control number 013751533
Source Uk
020 ## - INTERNATIONAL STANDARD BOOK NUMBER
International Standard Book Number 9780521877510 (hbk.)
020 ## - INTERNATIONAL STANDARD BOOK NUMBER
International Standard Book Number 9780521706940 (pbk.)
035 ## - SYSTEM CONTROL NUMBER
System control number (OCoLC)ocn137221654
040 ## - CATALOGING SOURCE
Original cataloging agency UKM
Transcribing agency DDC
Modifying agency BTCTA
-- BAKER
-- YDXCP
-- DLC
042 ## - AUTHENTICATION CODE
Authentication code ukscp
-- lccopycat
050 00 - LIBRARY OF CONGRESS CALL NUMBER
Classification number QH447
Item number .M35 2007
082 04 - DEWEY DECIMAL CLASSIFICATION NUMBER
Classification number 572.863MAJ2007
100 1# - MAIN ENTRY--PERSONAL NAME
Personal name Majoros, William H.
9 (RLIN) 14843
245 10 - TITLE STATEMENT
Title Methods for computational gene prediction
Statement of responsibility, etc. Edited by Majoros,William H.
260 ## - PUBLICATION, DISTRIBUTION, ETC. (IMPRINT)
Place of publication, distribution, etc. Cambridge :
Name of publisher, distributor, etc. Cambridge University Press,
Date of publication, distribution, etc. 2007.
300 ## - PHYSICAL DESCRIPTION
Extent xvii,430p;
Other physical details ill;
Dimensions 26cm
504 ## - BIBLIOGRAPHY, ETC. NOTE
Bibliography, etc Includes; references (p. 390-407) and index.
650 #0 - SUBJECT ADDED ENTRY--TOPICAL TERM
Topical term or geographic name as entry element Biology
9 (RLIN) 5602
856 42 - ELECTRONIC LOCATION AND ACCESS
Materials specified Publisher description
Uniform Resource Identifier <a href="http://www.loc.gov/catdir/enhancements/fy0803/2007299649-d.html">http://www.loc.gov/catdir/enhancements/fy0803/2007299649-d.html</a>
856 41 - ELECTRONIC LOCATION AND ACCESS
Materials specified Table of contents only
Uniform Resource Identifier <a href="http://www.loc.gov/catdir/enhancements/fy0803/2007299649-t.html">http://www.loc.gov/catdir/enhancements/fy0803/2007299649-t.html</a>
856 42 - ELECTRONIC LOCATION AND ACCESS
Materials specified Contributor biographical information
Uniform Resource Identifier <a href="http://www.loc.gov/catdir/enhancements/fy0803/2007299649-b.html">http://www.loc.gov/catdir/enhancements/fy0803/2007299649-b.html</a>
906 ## - LOCAL DATA ELEMENT F, LDF (RLIN)
a 7
b cbc
c copycat
d 2
e ncip
f 20
g y-gencatlg
942 ## - ADDED ENTRY ELEMENTS (KOHA)
Source of classification or shelving scheme Dewey Decimal Classification
Koha item type Open Shelf
Holdings
Withdrawn status Lost status Source of classification or shelving scheme Damaged status Not for loan Home library Current library Date acquired Source of acquisition Inventory number Total Checkouts Full call number Barcode Date last seen Price effective from Koha item type
    Dewey Decimal Classification     MUST Main Library MUST Main Library 10/09/2021 donation 11/35366   572.863MAJ2007 2021-1088 10/09/2021 10/09/2021 Open Shelf